| 000 | 00605nam a2200205Ia 4500 | ||
|---|---|---|---|
| 005 | 20230822151543.0 | ||
| 008 | 131103s9999 xx 000 0 und d | ||
| 040 | _aLoreto College | ||
| 041 | _aEnglish | ||
| 082 |
_a915.4 _bMIS |
||
| 245 |
_aConcepts and approaches _c[edited by] R.P.Misra |
||
| 260 |
_aNew Delhi _bHeritage Publishers _c1983 |
||
| 300 |
_axii,320 p. _b ill.,fig.,tables |
||
| 440 | _aContributions To Indian Geography; No. 1 | ||
| 504 | _aIncludes bibliographical references and index | ||
| 650 | _aIndia - Geography | ||
| 700 | _aMisra,R.P.,ed. | ||
| 850 | _aLCLIB | ||
| 942 | _cBK | ||
| 999 |
_c3422 _d53901 |
||